Statistics for Geography True or False #4

Click here to take the quiz!

General Stats

  • This quiz has been taken 68,244 times
  • The average score is 13 of 18

Answer Stats

QuestionAnswer% Correct
India has more than 1 billion peopleTrue
94%
There are no active volcanos in EuropeFalse
91%
More people live in Africa than live in EuropeTrue
84%
France has a larger land area than AlgeriaFalse
83%
There are no European countries with a Muslim majorityFalse
83%
Oman is a monarchyTrue
80%
Iran has the most Shia muslims of any countryTrue
79%
Norway is an oil-exporting countryTrue
79%
Tunisia is the northernmost country in AfricaTrue
78%
Taiwan is a member of the United NationsFalse
76%
New Zealand is the country that is geographically nearest to AustraliaFalse
74%
The Galapagos Islands are part of ChileFalse
73%
Maryland is located on Chesapeake BayTrue
71%
100% of Brazil is in the Western HemisphereTrue
66%
Antarctica has native tree speciesFalse
60%
Miami is on the Gulf of MexicoFalse
56%
Bermuda is located in the Caribbean SeaFalse
45%
Other than Alaska, Maine is the northernmost U.S. stateFalse
28%

Score Distribution

Percentile by Number Answered

Percent of People with Each Score

Your Score History

You have not taken this quiz